[Event "Caribean-chT Blitz 24th"]
[Site "San Salvador"]
[Date "2023.07.06"]
[Round "14.1"]
[White "Johnson, Gabriella"]
[Black "Wilson, Hannah"]
[Result "0-1"]
[WhiteElo "1724"]
[BlackElo "1511"]
[PlyCount "140"]
[EventDate "2023.07.06"]
[EventType "tourn (blitz)"]
[EventRounds "15"]
[EventCountry "ESA"]
[SourceTitle "CBM 215 Extra"]
[Source "ChessBase"]
[SourceDate "2023.09.30"]
[SourceVersion "1"]
[SourceVersionDate "2023.09.30"]
[SourceQuality "1"]
[WhiteTeam "Trinidad and Tobago"]
[BlackTeam "Barbados"]
[WhiteTeamCountry "TRI"]
[BlackTeamCountry "BAR"]

1. e4 c5 2. Nf3 g6 3. c3 Nc6 4. Bb5 Bg7 5. 0-0 Nf6 6. e5 Nd5 7. d4 cxd4 8. cxd4 0-0 9. Nc3 Nc7 10. Ba4 d6 11. Re1 dxe5 12. dxe5 Qxd1 13. Bxd1 Bg4 14. Bf4 Ne6 15. Bg3 Bxf3 16. Bxf3 Ncd4 17. Bd1 Nc5 18. Nd5 e6 19. Ne3 Nd3 20. Rf1 Nxe5 21. f4 Nd3 22. Rb1 Nc5 23. b4 Ne4 24. Be1 Nc6 25. Nc4 Bd4+ 26. Kh1 b5 27. Nd2 Nc3 28. Rc1 Nxd1 29. Rxd1 Bc3 30. Rc1 Bxd2 31. Bxd2 Nd4 32. a3 Rac8 33. Be3 Rxc1 34. Rxc1 Nb3 35. Rb1 Rd8 36. h3 Rd3 37. Bg1 Nd4 38. Rc1 Ne2 39. Rc8+ Kg7 40. Kh2 Nxg1 41. Kxg1 Rxa3 42. Rb8 Ra1+ 43. Kf2 Ra2+ 44. Kg3 Ra3+ 45. Kh2 Rb3 46. Rxb5 Kf6 47. Ra5 Rxb4 48. Rxa7 Rxf4 49. Kg3 Re4 50. Kf3 Re5 51. Ra4 Rf5+ 52. Kg3 Rg5+ 53. Kh2 e5 54. Ra6+ Kf5 55. Ra7 f6 56. Rxh7 e4 57. Re7 Kf4 58. Re6 Rf5 59. g3+ Ke3 60. Kg2 Kd3 61. g4 Rf4 62. Kg3 Rf3+ 63. Kh4 e3 64. g5 fxg5+ 65. Kxg5 Rxh3 66. Kxg6 e2 67. Kg5 Kd2 68. Kg4 Rd3 69. Kf4 e1Q 70. Rxe1 Kxe1 0-1

[Event "Caribean-chT Blitz 24th"]
[Site "San Salvador"]
[Date "2023.07.06"]
[Round "11.1"]
[White "Wilson, Hannah"]
[Black "Forgas Moreno, Yaniela"]
[Result "0-1"]
[WhiteElo "1511"]
[BlackElo "2169"]
[PlyCount "36"]
[EventDate "2023.07.06"]
[EventType "tourn (blitz)"]
[EventRounds "15"]
[EventCountry "ESA"]
[SourceTitle "CBM 215 Extra"]
[Source "ChessBase"]
[SourceDate "2023.09.30"]
[SourceVersion "1"]
[SourceVersionDate "2023.09.30"]
[SourceQuality "1"]
[WhiteTeam "Barbados"]
[BlackTeam "Cuba"]
[WhiteTeamCountry "BAR"]
[BlackTeamCountry "CUB"]

1. e4 c5 2. Nf3 d6 3. d4 cxd4 4. Nxd4 Nf6 5. Nc3 a6 6. Be2 e5 7. Nb3 Be7 8. a4 Be6 9. a5 Nc6 10. 0-0 0-0 11. Be3 Nb4 12. Bb6 Qd7 13. Kh1 Rac8 14. Qd2 d5 15. exd5 Nfxd5 16. Nxd5 Bxd5 17. Rfd1 Rxc2 18. Qxd5 Nxd5 0-1

[Event "Caribean-chT Blitz 24th"]
[Site "San Salvador"]
[Date "2023.07.06"]
[Round "2.1"]
[White "Wilson, Hannah"]
[Black "Vasquez Vasquez, Marielos"]
[Result "1/2-1/2"]
[WhiteElo "1511"]
[BlackElo "1713"]
[PlyCount "95"]
[EventDate "2023.07.06"]
[EventType "tourn (blitz)"]
[EventRounds "15"]
[EventCountry "ESA"]
[SourceTitle "CBM 215 Extra"]
[Source "ChessBase"]
[SourceDate "2023.09.30"]
[SourceVersion "1"]
[SourceVersionDate "2023.09.30"]
[SourceQuality "1"]
[WhiteTeam "Barbados"]
[BlackTeam "El Salvador"]
[WhiteTeamCountry "BAR"]
[BlackTeamCountry "ESA"]

1. e4 c5 2. Nf3 Nc6 3. d4 cxd4 4. Nxd4 g6 5. Nc3 Bg7 6. Be3 Nf6 7. Be2 0-0 8. 0-0 d5 9. Nxc6 bxc6 10. e5 Nd7 11. f4 e6 12. Na4 Qa5 13. c3 c5 14. Rb1 Rb8 15. b4 cxb4 16. cxb4 Rxb4 17. Rxb4 Qxb4 18. Bxa7 Bb7 19. Qb3 Qxb3 20. axb3 Ra8 21. Bd4 Bc6 22. Nc5 Bf8 23. Rc1 Ra3 24. Nxd7 Bxd7 25. Rc7 Be8 26. Rc8 Bd7 27. Rd8 Bc6 28. Bc5 Ra8 29. Rxa8 Bxa8 30. Bxf8 Kxf8 31. Kf2 Ke7 32. Ke3 Kd7 33. Kd4 Kc6 34. b4 Kb6 35. b5 Bb7 36. g4 Bc8 37. h3 Bd7 38. h4 Bxb5 39. Bd1 Bc6 40. g5 Kb5 41. h5 Kb4 42. h6 Bb5 43. Bf3 Bc4 44. Bd1 Bb3 45. Bg4 Bc4 46. Bd1 Bb3 47. Bg4 Bc4 48. Bd1 1/2-1/2

[Event "Caribean-chT Rapid 24th"]
[Site "San Salvador"]
[Date "2023.07.05"]
[Round "12.1"]
[White "Wilson, Hannah"]
[Black "Perez Hernandez, Vicmary C"]
[Result "0-1"]
[WhiteElo "1542"]
[BlackElo "1752"]
[PlyCount "96"]
[EventDate "2023.07.03"]
[EventType "tourn (rapid)"]
[EventRounds "15"]
[EventCountry "ESA"]
[SourceTitle "CBM 215 Extra"]
[Source "ChessBase"]
[SourceDate "2023.09.30"]
[SourceVersion "1"]
[SourceVersionDate "2023.09.30"]
[SourceQuality "1"]
[WhiteTeam "Barbados"]
[BlackTeam "Venezuela"]
[WhiteTeamCountry "BAR"]
[BlackTeamCountry "VEN"]

1. e4 c5 2. Nf3 Nc6 3. d4 cxd4 4. Nxd4 e5 5. Nb3 Nf6 6. Nc3 Bb4 7. Bd2 Bxc3 8. Bxc3 Nxe4 9. Qg4 Ng5 10. h4 Ne6 11. 0-0-0 0-0 12. Bd3 Qf6 13. Qh5 h6 14. g3 d5 15. f4 d4 16. fxe5 Qxe5 17. Qxe5 Nxe5 18. Nxd4 Nxd4 19. Bxd4 Nxd3+ 20. Rxd3 Bf5 21. Re3 Rac8 22. c3 Rfd8 23. Kd2 Be6 24. a3 a5 25. Rhe1 a4 26. Ke2 Rd5 27. Re5 Rxe5+ 28. Bxe5 Rc5 29. Bd6 Rd5 30. Bb4 Kh7 31. Kf2 Kg6 32. Re2 Bg4 33. Rc2 Bd1 34. Rc1 Bb3 35. Re1 Bc4 36. Kg1 Rd2 37. Re7 b5 38. Re5 Rxb2 39. h5+ Kf6 40. Rc5 Re2 41. Rc6+ Kg5 42. Rc5+ Kg4 43. Rc7 Kxg3 44. Bd6+ Kh3 45. Rc8 Rg2+ 46. Kh1 Rd2 47. Bc5 Rd1+ 48. Bg1 Bd5# 0-1

[Event "Caribean-chT Rapid 24th"]
[Site "San Salvador"]
[Date "2023.07.04"]
[Round "9.1"]
[White "Vasquez Vasquez, Marielos"]
[Black "Wilson, Hannah"]
[Result "1-0"]
[WhiteElo "1718"]
[BlackElo "1542"]
[PlyCount "57"]
[EventDate "2023.07.03"]
[EventType "tourn (rapid)"]
[EventRounds "15"]
[EventCountry "ESA"]
[SourceTitle "CBM 215 Extra"]
[Source "ChessBase"]
[SourceDate "2023.09.30"]
[SourceVersion "1"]
[SourceVersionDate "2023.09.30"]
[SourceQuality "1"]
[WhiteTeam "El Salvador"]
[BlackTeam "Barbados"]
[WhiteTeamCountry "ESA"]
[BlackTeamCountry "BAR"]

1. d4 d5 2. c4 c6 3. Nf3 Nf6 4. g3 g6 5. Bg2 dxc4 6. Qc2 b5 7. a4 Bb7 8. 0-0 Bg7 9. Rd1 0-0 10. Nc3 b4 11. Ne4 Nxe4 12. Qxe4 Nd7 13. Qc2 Ba6 14. Nd2 b3 15. Qc3 Nb6 16. Bxc6 Bxd4 17. Qa5 Rc8 18. Qxa6 Rxc6 19. a5 Bxf2+ 20. Kxf2 Rf6+ 21. Nf3 Qxd1 22. axb6 axb6 23. Qxc4 Rd8 24. Ra3 Qh1 25. Bf4 Rd1 26. Rxb3 Qf1+ 27. Ke3 Re6+ 28. Be5 h5 29. Qc8+ 1-0

[Event "Caribean-chT Rapid 24th"]
[Site "San Salvador"]
[Date "2023.07.03"]
[Round "5.1"]
[White "Forgas Moreno, Yaniela"]
[Black "Wilson, Hannah"]
[Result "1-0"]
[WhiteElo "2177"]
[BlackElo "1542"]
[PlyCount "47"]
[EventDate "2023.07.03"]
[EventType "tourn (rapid)"]
[EventRounds "15"]
[EventCountry "ESA"]
[SourceTitle "CBM 215 Extra"]
[Source "ChessBase"]
[SourceDate "2023.09.30"]
[SourceVersion "1"]
[SourceVersionDate "2023.09.30"]
[SourceQuality "1"]
[WhiteTeam "Cuba"]
[BlackTeam "Barbados"]
[WhiteTeamCountry "CUB"]
[BlackTeamCountry "BAR"]

1. e4 c5 2. Nc3 g6 3. d3 d6 4. Be3 Bg7 5. Qd2 Nc6 6. g3 e6 7. Bg2 Rb8 8. Nge2 b5 9. 0-0 b4 10. Nd1 Nge7 11. d4 Na5 12. Bh6 Nc4 13. Qc1 0-0 14. Bxg7 Kxg7 15. b3 Nb6 16. c4 bxc3 17. Qxc3 cxd4 18. Nxd4 Kg8 19. Ne3 Ba6 20. Rfd1 Rc8 21. Qb2 d5 22. Ng4 Nd7 23. Nh6+ Kg7 24. Ndf5# 1-0

[Event "Central America-ch (Women) 24th"]
[Site "San Salvador"]
[Date "2023.01.21"]
[Round "5"]
[White "Perez Hernandez, Vicmary C"]
[Black "Wilson, Hannah"]
[Result "1-0"]
[WhiteElo "1664"]
[BlackElo "1473"]
[PlyCount "149"]
[EventDate "2023.01.21"]
[EventType "swiss"]
[EventRounds "11"]
[EventCountry "ESA"]
[SourceTitle "CBM 212 Extra"]
[Source "ChessBase"]
[SourceDate "2023.03.31"]
[SourceVersion "1"]
[SourceVersionDate "2023.03.31"]
[SourceQuality "1"]

1. e4 c5 2. Nf3 g6 3. c3 Bg7 4. d4 cxd4 5. cxd4 d5 6. exd5 Nf6 7. Bc4 Nxd5 8. 0-0 0-0 9. Nc3 Nb6 10. Bb3 Nc6 11. d5 Na5 12. h3 Nxb3 13. Qxb3 Bf5 14. Bf4 Bd3 15. Rfd1 Bc4 16. Qc2 Bxd5 17. Nxd5 Nxd5 18. Qb3 e6 19. Qxb7 Qa5 20. Bg3 Rac8 21. Qb3 Rc6 22. Nd4 Rb6 23. Qc2 Qb4 24. Nb3 Rd8 25. Rac1 a5 26. Qe2 Re8 27. Rxd5 a4 28. Nd2 Qxb2 29. Rdc5 Bd4 30. R5c2 Qb4 31. Rc4 Qb2 32. R1c2 Qa1+ 33. Kh2 Bg7 34. Nf3 Rb1 35. Be5 Rh1+ 36. Kg3 Bxe5+ 37. Qxe5 Qd1 38. Rc8 Qd7 39. R2c7 Qxc8 40. Rxc8 Rxc8 41. Qf6 Rhc1 42. Qh4 h5 43. Qxa4 R1c2 44. Ng5 R8c3+ 45. Kh2 Rc8 46. Qf4 R2c7 47. a4 Ra7 48. a5 Rf8 49. Qb4 Rfa8 50. Qf4 Rf8 51. Qe5 Rfa8 52. Qf6 Rf8 53. Qc3 Rfa8 54. Qf3 Rf8 55. Ne4 Rxa5 56. Nf6+ Kg7 57. Qc3 Rfa8 58. Nxh5+ Kh6 59. Ng3 Ra3 60. Qf6 R3a5 61. Qxf7 R5a6 62. Ne4 e5 63. h4 R6a7 64. Qf6 Ra5 65. Ng5 R5a6 66. Qe7 R8a7 67. Qxe5 Ra8 68. Qe7 R6a7 69. Qf6 Ra6 70. Qf4 Ra4 71. Ne4+ Kg7 72. Qf6+ Kh6 73. Ng3 R4a6 74. Nf5+ Kh7 75. Qg7# 1-0

[Event "Central America-ch (Women) 24th"]
[Site "San Salvador"]
[Date "2023.01.21"]
[Round "6"]
[White "Wilson, Hannah"]
[Black "Richards, Trisann"]
[Result "1-0"]
[WhiteElo "1473"]
[BlackElo "1602"]
[PlyCount "91"]
[EventDate "2023.01.21"]
[EventType "swiss"]
[EventRounds "11"]
[EventCountry "ESA"]
[SourceTitle "CBM 212 Extra"]
[Source "ChessBase"]
[SourceDate "2023.03.31"]
[SourceVersion "1"]
[SourceVersionDate "2023.03.31"]
[SourceQuality "1"]

1. e4 e6 2. d4 d5 3. exd5 exd5 4. Bd3 Nf6 5. Nf3 c5 6. c3 c4 7. Bc2 Bg4 8. Bg5 Be7 9. 0-0 0-0 10. Nbd2 Nbd7 11. b3 b5 12. Rc1 Re8 13. Bb1 Qb6 14. Qc2 Bf8 15. Ne5 g6 16. Ndf3 Bf5 17. Qd2 Ne4 18. Bxe4 dxe4 19. Nxd7 Bxd7 20. Ne5 Bf5 21. g4 f6 22. gxf5 fxe5 23. fxg6 Qxg6 24. Kh1 exd4 25. Qxd4 Bg7 26. Qd5+ Qe6 27. Qxb5 cxb3 28. Qxb3 Qxb3 29. axb3 a5 30. Be3 Rac8 31. Rg1 Kf7 32. c4 Rb8 33. Rb1 Red8 34. Rg4 Re8 35. Rg5 Bc3 36. Rf5+ Ke6 37. Rh5 Rb7 38. Rh4 Kf5 39. Rh5+ Kg4 40. Rg5+ Kf3 41. Rc1 Bh8 42. Rg3+ Ke2 43. Rc2+ Kd3 44. Rd2+ Kc3 45. Bf4+ e3 46. Re2 1-0

[Event "Caribbean-ch U12"]
[Site "San Salvador"]
[Date "2021.11.27"]
[Round "4"]
[White "Linares Orellana, Hector Jose"]
[Black "Wilson, Hannah"]
[Result "0-1"]
[WhiteElo "1178"]
[BlackElo "1328"]
[PlyCount "106"]
[EventDate "2021.11.27"]
[EventType "swiss"]
[EventRounds "9"]
[EventCountry "ESA"]
[SourceTitle "EXT 2023"]
[Source "ChessBase"]
[SourceDate "2022.10.05"]
[SourceVersion "1"]
[SourceVersionDate "2022.10.05"]
[SourceQuality "1"]
[WhiteTeam "Guatemala"]
[BlackTeam "Barbados"]
[WhiteTeamCountry "GUA"]
[BlackTeamCountry "BAR"]

1. e4 c5 2. Nf3 g6 3. Bc4 Bg7 4. d3 Nc6 5. c3 e6 6. 0-0 Nge7 7. Be3 b6 8. a3 0-0 9. Re1 d5 10. exd5 exd5 11. Ba2 Nf5 12. d4 Nxe3 13. fxe3 c4 14. Nbd2 f5 15. a4 a6 16. Nf1 Re8 17. Qd2 Ra7 18. b3 b5 19. Qe2 Kh8 20. Rab1 Bh6 21. Qd2 Rae7 22. bxc4 bxc4 23. Kf2 Qa5 24. Qc2 f4 25. Rb2 fxe3+ 26. Kg1 Bf5 27. Qc1 Bd3 28. Ng3 Kg7 29. Ne2 Qxa4 30. Bb1 Qa5 31. Ra2 Qb6 32. Rb2 Qc7 33. Qd1 Bxe2 34. Qxe2 a5 35. Bc2 Qf4 36. Ba4 Rc8 37. Bxc6 Rxc6 38. Rb5 Qe4 39. Rxa5 Rb6 40. Ne5 Rb3 41. Rc1 Reb7 42. Ng4 Rb2 43. Qf3 Qe6 44. Nxh6 Kxh6 45. Rxd5 Rf2 46. Qh3+ Qxh3 47. gxh3 Rbb2 48. Re5 Rg2+ 49. Kh1 Rxh2+ 50. Kg1 Rbg2+ 51. Kf1 e2+ 52. Ke1 Rg1+ 53. Kd2 e1Q# 0-1

[Event "Online Olym Div3 E"]
[Site "Chess.com INT"]
[Date "2021.08.29"]
[Round "8.3"]
[White "Herrera, Marjorie"]
[Black "Wilson, Hannah"]
[Result "1-0"]
[WhiteElo "1848"]
[BlackElo "1325"]
[PlyCount "119"]
[EventDate "2021.08.27"]
[EventType "team-tourn (rapid)"]
[EventRounds "9"]
[EventCountry "USA"]
[SourceTitle "CBM 204 Extra"]
[Source "ChessBase"]
[SourceDate "2021.11.30"]
[SourceVersion "1"]
[SourceVersionDate "2021.11.30"]
[SourceQuality "1"]
[WhiteTeam "El Salvador"]
[BlackTeam "Barbados"]
[WhiteTeamCountry "ESA"]
[BlackTeamCountry "BAR"]

1. e4 c5 2. Nf3 g6 3. d4 cxd4 4. Nxd4 Nc6 5. Nc3 Bg7 6. Nde2 Nf6 7. h3 d6 8. g4 0-0 9. Bg2 Be6 10. b3 Rc8 11. Bd2 d5 12. Rc1 d4 13. Na4 Ne5 14. f4 d3 15. fxe5 dxe2 16. Qxe2 Nd7 17. 0-0 Nxe5 18. Bf4 Qa5 19. c4 a6 20. Bd2 Qd8 21. Nc3 Qd6 22. Nd5 Bxd5 23. exd5 Rfe8 24. Bf4 e6 25. Qd2 Red8 26. Rcd1 Qc5+ 27. Kh1 Qe7 28. Qe3 Nd7 29. d6 Qe8 30. Bxb7 Rb8 31. Bg2 Nf6 32. d7 Nxd7 33. Bxb8 Nxb8 34. Rxd8 Qxd8 35. Qf4 Qe8 36. Qc7 Nd7 37. Bc6 Qe7 38. Qxd7 Qxd7 39. Bxd7 h6 40. Be8 f5 41. Bxg6 fxg4 42. hxg4 Bb2 43. Bf7+ Kg7 44. Bxe6 a5 45. c5 Be5 46. c6 Bc7 47. Rf7+ Kg6 48. Rxc7 Kf6 49. Bd7 Ke5 50. Ra7 Kd6 51. Rxa5 Kc7 52. Rh5 Kd6 53. Rxh6+ Kc7 54. g5 Kb6 55. g6 Kc7 56. g7 Kb6 57. g8Q Kc5 58. Qc4+ Kb6 59. c7+ Ka5 60. Qb5# 1-0

[Event "Online Olym Div3 E"]
[Site "Chess.com INT"]
[Date "2021.08.29"]
[Round "9.4"]
[White "Wilson, Hannah"]
[Black "Rondon Chacon, Yolys Desiree"]
[Result "1-0"]
[WhiteElo "1325"]
[BlackElo "1707"]
[PlyCount "113"]
[EventDate "2021.08.27"]
[EventType "team-tourn (rapid)"]
[EventRounds "9"]
[EventCountry "USA"]
[SourceTitle "CBM 204 Extra"]
[Source "ChessBase"]
[SourceDate "2021.11.30"]
[SourceVersion "1"]
[SourceVersionDate "2021.11.30"]
[SourceQuality "1"]
[WhiteTeam "Barbados"]
[BlackTeam "Panama"]
[WhiteTeamCountry "BAR"]
[BlackTeamCountry "PAN"]

1. e4 d5 2. exd5 Qxd5 3. Nc3 Qd6 4. d4 c6 5. Nf3 Nf6 6. Be3 Bg4 7. Bc4 e6 8. 0-0 Nbd7 9. Qe2 Qc7 10. Bg5 Bd6 11. h3 Bh5 12. Be3 0-0 13. Rad1 Rfe8 14. Bg5 h6 15. Be3 Rad8 16. Bd3 e5 17. g4 Bxg4 18. hxg4 e4 19. Nxe4 Nxe4 20. Nd2 Ndf6 21. Qf3 Ng5 22. Bxg5 hxg5 23. Qh3 g6 24. Rfe1 Kg7 25. Rxe8 Rxe8 26. Nf3 Rh8 27. Qg2 Bf4 28. Re1 Qa5 29. a3 a6 30. Re7 Qd5 31. b3 Qd6 32. Rxb7 Qxa3 33. Qf1 Qd6 34. Bc4 Nd5 35. Bxa6 Bh2+ 36. Kg2 Nf4+ 37. Kh1 Bg3+ 38. Kg1 Nh3+ 39. Kg2 Nxf2 40. Bc4 Rf8 41. Ne5 Bxe5 42. dxe5 Qxe5 43. Qxf2 Qf6 44. Qxf6+ Kxf6 45. Rb6 Rc8 46. Bb5 Kg7 47. Rxc6 Rd8 48. Bd3 Rd4 49. Kg3 Rf4 50. Rc4 Rf6 51. b4 Rb6 52. Re4 Rb7 53. b5 Rb6 54. Rb4 Kf8 55. c4 Rd6 56. Bf1 Ke7 57. c5 1-0